Desarrollo del prototipo de facturación e inventario para Global Internacional Trading

Presenta una propuesta para el desarrollo de un prototipo del sistema informático de control de inventario y facturación fácil de manejar, amigable al usuario y rápido en consultas de inventario, clientes y proveedores, para Global Internacional Trading para mejorar y elevar su eficiencia al mom...

Full description

Bibliographic Details
Main Authors: Ruiz Oporta, Milagros del Socorro, Vásquez Obando, Leila Edelmis
Other Authors: Tutor: Lacayo Cruz, Patricia del Carmen
Format: Tesis Section = Libro
Language:Undetermined
Spanish
Published: Managua UNI 2009
Subjects:
LEADER 01284nam a2200253Ia 4500
008 240830s9999 xx 000 0 und d
040 |a BIBLIOTECA-RUPAP T.Mon 025.04 R934 
041 |a spa 
082 |a T.Mon 025.04 R934 
100 1 |a Ruiz Oporta, Milagros del Socorro 
100 1 |b Vásquez Obando, Leila Edelmis 
245 1 0 |a Desarrollo del prototipo de facturación e inventario para Global Internacional Trading 
260 |a Managua  |b UNI  |c 2009 
300 |a 261 p. :il. 
500 |a Contiene: anexos. 
502 |a Tesis (Ingeniero de Sistemas)- UNI, 2009. 
520 3 |a Presenta una propuesta para el desarrollo de un prototipo del sistema informático de control de inventario y facturación fácil de manejar, amigable al usuario y rápido en consultas de inventario, clientes y proveedores, para Global Internacional Trading para mejorar y elevar su eficiencia al momento de brindar servicio al cliente, comprar productos, registrar la venta realizada. 
650 7 |a SISTEMA DE INFORMACIÓN AUTOMATIZADO – FACTURACIÓN 
650 7 |b  INVENTARIO - REPUESTOS AUTOMOTRICES - ANÁLISIS Y DISEÑO DE SISTEMAS 
650 7 |c  ANÁLISIS Y DISEÑO DE RED LAN 
700 1 |a Tutor:  |b Lacayo Cruz, Patricia del Carmen 
942 |c BK  |2 ddc 
991 |a TESIS 
999 |c 18036